Príspevok o možnosti vytvorenia Európskej federácie

Reakcie politických špičiek Nemecka, Francúzska a Veľkej Británie na prehlbovanie európskej integrácie, možnosť vytvorenia Európskej federácie a prijatie federálnej ústavy. Diskusia bola odštartovaná prednáškou "Od konfederácie k federácii - úvahy o finalite európskej integrácie /minister zahraničný...

Description complète

Enregistré dans:
Détails bibliographiques
Auteur principal: Koziak, Tomáš
Format: Chapitre de livre
Langue:slovaque
Sujets:
Tags: Ajouter un tag
Pas de tags, Soyez le premier à ajouter un tag!

MARC

LEADER 00000naa$a2200000$$$4500
001 0022128
005 20221207121945.3
041 0 |a slo 
044 |a SK 
245 1 0 |a Príspevok o možnosti vytvorenia Európskej federácie  |c Tomáš Koziak 
520 |a Reakcie politických špičiek Nemecka, Francúzska a Veľkej Británie na prehlbovanie európskej integrácie, možnosť vytvorenia Európskej federácie a prijatie federálnej ústavy. Diskusia bola odštartovaná prednáškou "Od konfederácie k federácii - úvahy o finalite európskej integrácie /minister zahraničných vecí Nemecka - J. Fischer, 2000/. 
610 2 0 |a Európa 
610 2 0 |a integrácia 
610 2 0 |a ústava 
610 2 0 |a federácia 
100 1 |a Koziak, Tomáš